<?xml version="1.0" encoding="UTF-8"?><?xml-stylesheet type="text/xsl" href="static/style.xsl"?><OAI-PMH xmlns="http://www.openarchives.org/OAI/2.0/" xmlns:xsi="http://www.w3.org/2001/XMLSchema-instance" xsi:schemaLocation="http://www.openarchives.org/OAI/2.0/ http://www.openarchives.org/OAI/2.0/OAI-PMH.xsd"><responseDate>2026-04-17T17:04:03Z</responseDate><request verb="GetRecord" identifier="oai:www.recercat.cat:2072/470927" metadataPrefix="marc">https://recercat.cat/oai/request</request><GetRecord><record><header><identifier>oai:recercat.cat:2072/470927</identifier><datestamp>2025-07-29T22:09:05Z</datestamp><setSpec>com_2072_98</setSpec><setSpec>col_2072_378192</setSpec></header><metadata><record xmlns="http://www.loc.gov/MARC21/slim" xmlns:dcterms="http://purl.org/dc/terms/" xmlns:xsi="http://www.w3.org/2001/XMLSchema-instance" xmlns:doc="http://www.lyncode.com/xoai" xsi:schemaLocation="http://www.loc.gov/MARC21/slim http://www.loc.gov/standards/marcxml/schema/MARC21slim.xsd">
   <leader>00925njm 22002777a 4500</leader>
   <datafield ind2=" " ind1=" " tag="042">
      <subfield code="a">dc</subfield>
   </datafield>
   <datafield ind2=" " ind1=" " tag="720">
      <subfield code="a">Vidal-Palencia, Laura</subfield>
      <subfield code="e">author</subfield>
   </datafield>
   <datafield ind2=" " ind1=" " tag="720">
      <subfield code="a">Font Nonell, Cristina</subfield>
      <subfield code="e">author</subfield>
   </datafield>
   <datafield ind2=" " ind1=" " tag="720">
      <subfield code="a">Rebollada-Merino, Agustín</subfield>
      <subfield code="e">author</subfield>
   </datafield>
   <datafield ind2=" " ind1=" " tag="720">
      <subfield code="a">Santpere, Gabriel</subfield>
      <subfield code="e">author</subfield>
   </datafield>
   <datafield ind2=" " ind1=" " tag="720">
      <subfield code="a">Andrés-Benito, P</subfield>
      <subfield code="e">author</subfield>
   </datafield>
   <datafield ind2=" " ind1=" " tag="720">
      <subfield code="a">Ferrer, Isidro</subfield>
      <subfield code="e">author</subfield>
   </datafield>
   <datafield ind2=" " ind1=" " tag="720">
      <subfield code="a">Pumarola i Batlle, Martí</subfield>
      <subfield code="e">author</subfield>
   </datafield>
   <datafield ind2=" " ind1=" " tag="260">
      <subfield code="c">2023</subfield>
   </datafield>
   <datafield ind2=" " ind1=" " tag="520">
      <subfield code="a">Tauopathies are a group of neurodegenerative diseases where a specific protein called tau accumulates and forms aggregates in neurons and glial cells. In humans, these diseases can be caused by only this protein (primary) or in combination with another one (secondary). Primary tauopathies are common in humans but rare in animals. We analyzed the development of tau pathology in 16 cats of different ages. A female cat showed progressive mental status and gait abnormalities over a six-year period. Brain imaging revealed a progressive shrinkage of the brain (atrophy). Due to a poor prognosis, the cat was euthanized at the age of ten years. Evaluation of the brain tissue showed significant loss of neurons in the parietal cortex and Purkinje cells in the cerebellum. Immunohistochemistry identified abnormal tau protein aggregates in neurons (referred to as pre-tangles) and oligodendrocytes (referred to as coiled bodies). Genetic testing did not reveal any known genetic alteration associated with this disease. None of the other 15 cats studied showed similar clinical signs or brain changes. This is the first reported case of primary tauopathy in an adult cat that presented the first neurological signs when she was four years old.</subfield>
   </datafield>
   <datafield tag="653" ind2=" " ind1=" ">
      <subfield code="a">Tauopathy</subfield>
   </datafield>
   <datafield tag="653" ind2=" " ind1=" ">
      <subfield code="a">Tau</subfield>
   </datafield>
   <datafield tag="653" ind2=" " ind1=" ">
      <subfield code="a">Neurodegenerative disease</subfield>
   </datafield>
   <datafield tag="653" ind2=" " ind1=" ">
      <subfield code="a">Veterinary neuropathology</subfield>
   </datafield>
   <datafield ind2="0" ind1="0" tag="245">
      <subfield code="a">Primary Feline Tauopathy : Clinical, Morphological, Immunohistochemical, and Genetic Studies</subfield>
   </datafield>
</record></metadata></record></GetRecord></OAI-PMH>